Die mitglieder der Strohhutbande (One Piece) - Statistiken

Allgemein
  • Dieses Quiz wurde 24 mal gespielt
  • Das Durchschnittsergebnis liegt bei 8 aus 10
Antwortstatistiken
Hint Antwort % Korrekt
4 Diebische Katze Nami
100%
2 Lorenor Zorro
100%
1 Monkey D. Ruffy
100%
8 Tony Chopper
90%
9 Brook
86%
6 Franky
86%
5 Lysop
86%
7 Nico Robin
86%
10 Jimbei
57%
3 Sanji Vinsmoke
52%
Keine übereinstimmenden Quizze gefunden
Verteilung der Resultate
Anzahl Personen mit jedem Resultat
Perzentil nach korrekt beantworteten Fragen
Ihre Resultats-Entwicklung
Sie haben dieses Quiz noch nicht gespielt